Name That Character! Quiz Stats

Quiz not verified by Sporcle

Challenge
Share
Tweet
Embed
Score 0/25 Timer 10:00
0 Plays Today
Hint Answer % Correct
FrozenSven
55.6%
The SimpsonsBart Simpson
22.2%
Big Hero 6Honey Lemon
11.1%
BraveKing Fergus
11.1%
The Amazing World of GumballCarrie
11.1%
Power Puff GirlsMojo Jojo
11.1%
Family GuyBrian
11.1%
South ParkKenny Mccormick
0%
TangeledQueen Primrose
0%
Steven UniverseRose Quartz
0%
Star vs. the Forces of EvilTom
0%
Gravity FallsSoos
0%
Regular ShowEileen
0%
Hint Answer % Correct
Five Nights at Freddy'sMangle
0%
Kick ButtowskiBrianna Buttowski
0%
Dr. DimensionPhil the Unicorn
0%
Adventure TimeMarceline
0%
Uncle GrandpaPizza Steve
0%
Littlest Pet ShopVinnie
0%
Monster HighAvia Trotter
0%
Ever After HighFaybelle Thorn
0%
Adventure Time (Fionna & Cake)Marshall Lee
0%
Wreck-It RalphTaffyta Muttonfudge
0%
American Dad!Principal Lewis
0%
RatatouilleColette
0%

You're not logged in!

Compare scores with friends on all Sporcle quizzes.
Sign Up with Email
OR
Log In

You Might Also Like...

Show Comments

Extras

Top Quizzes Today


Score Distribution

Your Account Isn't Verified!

In order to create a playlist on Sporcle, you need to verify the email address you used during registration. Go to your Sporcle Settings to finish the process.

Report this User

Report this user for behavior that violates our Community Guidelines.

Details: